| 000 | 00661nam a22002057a 4500 | ||
|---|---|---|---|
| 005 | 20240814110437.0 | ||
| 010 | _aENG-141073 | ||
| 020 |
_a9789392210402 _c350.00 |
||
| 035 | _aEN-124605 | ||
| 037 | _bDBAD | ||
| 082 | _a304.80954 | ||
| 100 |
_aNAKAI APARJEET _969999 |
||
| 245 |
_aThe Brown Goras of Brampton: _bStruggles in a Land of Promise/ _cBy Aparjeet Nakai |
||
| 260 |
_achandigarh _bJGS Enterprises Pvt Ltd _c2024 |
||
| 270 |
_aSCO 14-15, Sector 8-C, Chandigarh _bChandigarh _e160009 |
||
| 300 |
_a159p.: _c22cm (pbk) |
||
| 650 |
_aBiography _970000 |
||
| 700 |
_aGore, Madhav Sadashiv _910217 |
||
| 942 |
_2ddc _cEN _h304.80954 _mNAK |
||
| 999 |
_c204591 _d204591 |
||